000 00304nam a22001337a 4500
008 180927b xxu||||| |||| 00| 0 eng d
020 _a97815919523982
041 _aeng
080 _a616-053.2
100 _a8
101 _aPED
245 _aPediatric Dosage Handbook
_cTaketomo, C.K
942 _2udc
_cBK
999 _c48586
_d48586